00455 2200157 4500001002100000005001500021035002000036007000300056008003900059082000700098084001300105100001100118245009900129260004600228650002300274INLIS00000000000988120260413011323 a0010-0426000200ta260413 | | |  a11 a11 ARI k0 aARIADI1 aKUALITAS PELAYANAN PUBLIK DI KANTOR KECAMATAN KOTA BESI KABUPATEN KOTAWARINGIN TIMUR /cARIADI aPALANGKA RAYA :bPERPUSTAKAAN UMPR,c2026 4aKUALITAS PELAYANAN